Obálka
Pro půjčování e-knih musíte být přihlášeni.
Jak si půjčit online?

Valentýnka a veterinární ordinace /

Uloženo v:
Série:Valentýnka, část 3
Hlavní autor: Peroutková, Ivana, 1960- (Autor)
Další autoři: Drbohlav, Jan, 1968- (Autor), Andrlová, Ivana, 1960- (Režisér)
Médium: E-audiokniha
Jazyk:Czech
Vydáno: Praha : Albatros, [2025]
Témata:
Příbuzné jednotky:Z cyklu:: Valentýnka
Tagy:
Žádné tagy
LEADER 03997nim a2200865 i 4500
001 313441
003 CZ PrSKC
005 20260601215742.0
007 sd fungnnmmned
008 250808t20252025xr nnnnj f n cze
015 |a cnb003703610 
020 |a 9788000078137 :  |c Kč 299,00 
040 |a ABA001  |b cze  |e rda 
072 7 |a 821.162.3-3  |x Česká próza  |2 Konspekt 
072 7 |a 821-93  |x Literatura pro děti a mládež (beletrie)  |2 Konspekt 
080 |a 821.162.3-32  |2 MRF 
080 |a (0:82-32)  |2 MRF 
080 |a (086.7.053.2)  |2 MRF 
080 |a (086.7)08  |2 MRF 
080 |a (086.76)  |2 MRF 
100 1 |a Peroutková, Ivana,  |d 1960-  |7 jn20000401963  |4 aut 
245 1 0 |a Valentýnka a veterinární ordinace /  |c Ivana Peroutková 
264 1 |a Praha :  |b Albatros,  |c [2025] 
264 4 |c ©2025 
300 |a 1 audiodisk (1 hod., 57 min.) ;  |c 12 cm 
306 |a 015700 
336 |a mluvené slovo  |b spw  |2 rdacontent 
337 |a audio  |b s  |2 rdamedia 
338 |a audiodisk  |b sd  |2 rdacarrier 
344 |a digital  |b optical  |2 rda 
347 |a audio soubor  |b MP3  |2 rda 
500 |a Název z disku 
500 |a Vydalo nakladatelství Albatros ve společnosti Albatros Media a.s. 
500 |a Na zadní straně pouzdra chybně uveden rok vydání 2021, správně má být 2025 
500 |a Na zadní straně pouzdra chybně uvedeno: Podle stejnojmenné knihy vydané nakladatelstvím Albatros v roce 2020, správně má být v roce 2021 
500 |a Nezkrácená audiokniha ve formátu MP3 
508 |a Režie, Jan Drbohlav 
511 0 |a Čte Ivana Andrlová 
518 |o Nahráno  |d květen 2025  |p studio S Pro Alfa 
521 8 |a Pro posluchače od 7 let 
655 7 |a české příběhy  |7 fd133973  |2 czenas 
655 7 |a zvukové záznamy pro děti a mládež  |7 fd186726  |2 czenas 
655 7 |a audioknihy  |7 fd119452  |2 czenas 
655 7 |a kompaktní disky  |7 fd201991  |2 czenas 
655 9 |a Czech stories  |2 eczenas 
655 9 |a juvenile sound recordings  |2 eczenas 
655 9 |a audiobooks  |2 eczenas 
655 9 |a compact discs  |2 eczenas 
700 1 |a Drbohlav, Jan,  |d 1968-  |7 xx0057821  |4 drt 
700 1 |a Andrlová, Ivana,  |d 1960-  |7 ola2002110791  |4 nrt 
787 0 8 |i Z cyklu:  |t Valentýnka  |g 3 
900 |a ABA001  |b 20 
044 |a xr 
505 0 0 |t 01_Kde se vzaly kapicky krve na podlaze Valentyncina pokoje (5 min., 28 sek.) 
505 0 0 |t 02_Zajimave rozhovory v cekarne (5 min., 34 sek.) 
505 0 0 |t 03_Jake novinky se Valentynka dozvedela (5 min., 17 sek.) 
505 0 0 |t 04_Valentynka leci Huga sklada pisnicku a ma napad na novou hru (6 min., 51 sek.) 
505 0 0 |t 05_Odpoledne v podkrovi (7 min., 33 sek.) 
505 0 0 |t 06_Destive dopoledne a Jonasovo pochybovani (5 min., 13 sek.) 
505 0 0 |t 07_Prekvapeni pro Zuzku (7 min., 21 sek.) 
505 0 0 |t 08_O cem premital Peta v byte pana Konstantina (6 min., 54 sek.) 
505 0 0 |t 09_Valentynka pripravuje veterinarni ordinaci (6 min., 43 sek.) 
505 0 0 |t 10_Prvni pacient (7 min., 12 sek.) 
505 0 0 |t 11_Koho Peta nasel cestou k Valentynce (4 min., 1 sek.) 
505 0 0 |t 12_Jaky rozruch Peta zpusobil a opet ty mouchy (6 min., 38 sek.) 
505 0 0 |t 13_Druha navsteva na veterinarni klinice (5 min., 33 sek.) 
505 0 0 |t 14_Mala pohroma v podkrovi co se delo s klikou u dveri a dalsi pisnicka (9 min., 10 sek.) 
505 0 0 |t 15_Darek pro Marusku (4 min., 31 sek.) 
505 0 0 |t 16_Podivuhodne krehke a nezne veci (6 min., 13 sek.) 
505 0 0 |t 17_Vyrabi se zavesny kolotoc a navsteva u Peti (6 min., 41 sek.) 
505 0 0 |t 18_Petova slza (7 min., 30 sek.) 
505 0 0 |t 19_Valentynka zpiva v houpacim kresle (3 min., 13 sek.) 
910 |a RBIT002 
998 |d 420748  |a https://core.palmknihy.cz/api/books/420748/cover?sxa4vt  |b https://core.palmknihy.cz/api/books/420748/cover/400?sxa4vt  |c https://core.palmknihy.cz/api/books/420748/cover/50?sxa4vt  |e 2030-12-31  |i 9788000078137  |l 7020  |q 49  |r 1  |s https://www.palmknihy.cz/kniha/420748  |t audiobook  |y 2025  |z 0 
999 |d 313439